|
|
|
|
| LEADER |
00000nam a22000007a 4500 |
| 005 |
20240718154116.0 |
| 008 |
230227b2022 a|||| |||| 00| | spa d |
| 020 |
|
|
|a 9789878926162
|
| 090 |
|
|
|a 06.02.01
|
| 100 |
|
|
|9 4838
|a Martinovich, Viviana
|
| 245 |
|
|
|a Búsqueda bibliográfica : cómo repensar las formas de buscar, recopilar y analizar la producción científica escrita /
|c Viviana Martinovich
|
| 260 |
|
|
|a Buenos Aires, Argentina :
|b Universidad Nacional de Lanús, Secretaría de Investigación y Posgrado,
|c 2022
|
| 300 |
|
|
|a 91 páginas;
|b ilustraciones; 1 recurso en línea; PDF
|
| 490 |
|
|
|a Cuadernos del ISCo, Didáctica
|
| 650 |
1 |
4 |
|9 151
|a INFORMACIÓN
|
| 650 |
1 |
4 |
|9 4839
|a RECUPERACIÓN DE LA INFORMACIÓN
|
| 856 |
|
|
|u https://uir.inie.ucr.ac.cr/cgi-bin/koha/opac-retrieve-file.pl?id=b8e91a204804bbccc8b8ff1e88f610e0
|
| 942 |
|
|
|i PDF004
|h 06.02.01
|2 z
|c 08
|h 06.02.01
|6 060201_PDF004
|
| 999 |
|
|
|c 3994
|d 3994
|